I HATE PRESENTATIONS TRANSFORM THE WAY Y (Record no. 11936)
[ view plain ]
| 000 -LEADER | |
|---|---|
| fixed length control field | 00384nam a2200133Ia 4500 |
| 008 - FIXED-LENGTH DATA ELEMENTS--GENERAL INFORMATION | |
| fixed length control field | 240624s9999 xx 000 0 und d |
| 041 ## - LANGUAGE CODE | |
| Language code of text/sound track or separate title | eng |
| 082 ## - DEWEY DECIMAL CLASSIFICATION NUMBER | |
| Classification number | 658.452 JAM |
| 100 ## - MAIN ENTRY--PERSONAL NAME | |
| Personal name | CAPLIN JAMES |
| 245 ## - TITLE STATEMENT | |
| Title | I HATE PRESENTATIONS TRANSFORM THE WAY Y |
| 260 ## - PUBLICATION, DISTRIBUTION, ETC. | |
| Date of publication, distribution, etc. | 2008 |
| Place of publication, distribution, etc. | present with a fresh and powerful approach UK |
| Name of publisher, distributor, etc. | Capstone |
| 300 ## - PHYSICAL DESCRIPTION | |
| Extent | vii, : 206 : p. : cm. ; 21 |
| 365 ## - TRADE PRICE | |
| Currency code | |
| Price amount | 30 |
| Withdrawn status | Lost status | Damaged status | Not for loan | Home library | Current library | Shelving location | Date acquired | Source of acquisition | Cost, normal purchase price | Total Holds | Full call number | Barcode | Date last seen | Copy number | Price effective from | Koha item type |
|---|---|---|---|---|---|---|---|---|---|---|---|---|---|---|---|---|
| IMTN | IMTN | Rack 33-A | 12/12/2008 | IBH | 19.95 | 1920 | 658.452 JAM | 11936 | 06/24/2024 | 51.6 | 06/24/2024 | Books |